|
|
|
|
| LEADER |
00000nab a2200000 a 4500 |
| 001 |
034111 |
| 003 |
UAHC_CL |
| 005 |
20180827110517.0 |
| 008 |
031122s2008 bo f 000 spa |
| 952 |
|
|
|0 0
|1 0
|2 ddc
|4 0
|6 RECURSO_ELECTRONICO
|7 0
|8 BAS
|9 94478
|a BC
|b BC
|c Digital
|d 2021-03-18
|l 0
|o RECURSO ELECTRONICO
|r 2021-03-18 00:00:00
|w 2021-03-18
|y REVA
|A 63
|B ANT
|
| 999 |
|
|
|c 51053
|d 51053
|
| 040 |
|
|
|a UAHC_CL
|c UAHC_CL
|d UAHC_CL
|
| 100 |
|
|
|a Gupta, Akhil
|9 4612
|d 1959-
|
| 245 |
1 |
0 |
|a Más allá de la "cultura":
|b espacio, identidad y las políticas de la diferencia
|c Akhil Gupta y James Ferguson.
|
| 260 |
|
|
|a Bogotá, Colombia:
|b Universidad de los Andes
|c 2008.
|
| 300 |
|
|
|a p. 233-256
|
| 500 |
|
|
|a En: Antípoda: Revista de Antropología y Arqueología, 2008, Issue 7, pp.233-256. ISSN. 1900-5407. Sitio visitado (http://www.ram-wan.net/restrepo/teorias-antrop-contem/mas%20alla%20de%20la%20cultura-ferguson-gupta.pdf) el 27 de Agosto de 2018.
|
| 520 |
|
|
|a Este trabajo se propone hacer una exploración de la forma en que las ideas recibidas de espacio y lugar han configurado y continúan configurando el sentido común del quehacer antropológico. En particular, deseamos explorar cómo el renovado interés por la teorización del espacio en la teoría posmodernista y feminista que se manifiesta en nociones tales como vigilancia, panopticismo, simulacro, desterritorialización, hiperespacio posmoderno, fronteras y marginalidad nos obliga a reevaluar conceptos analíticos fundamentales de la antropología tales como el de cultura y, por extensión, el de diferencia cultural.
|
| 526 |
|
|
|a Antropología aplicada I.
|
| 650 |
|
0 |
|a Cultura
|9 3184
|x Aspectos sociales
|
| 650 |
|
0 |
|a Antropología cultural y social
|9 429
|
| 700 |
|
|
|9 4613
|a Ferguson, James
|d 1710-1776
|
| 856 |
|
|
|u http://www.ram-wan.net/restrepo/teorias-antrop-contem/mas%20alla%20de%20la%20cultura-ferguson-gupta.pdf
|y Sólo disponible en línea.
|
| 942 |
|
|
|c REVA
|